01046nam a2200217 a 450000100060000000300080000600500170001400800410003103500190007204000240009104100080011508200240012310000240014711000430017124504930021425000120070726000390071930000260075850000190078465000250080343727BD-RjUL20211209053738.0160626s1963 ii 001 0 eng  a(BD-RjUL)43845 aDLCcCarPdDLCbeng aeng a343.54057bPAI 1963 aPatra, Atul Chandra1 aIndia (Republic)kLaws, statutes, etc.14aThe Indian stamp act, 1899 :bAct no. II of 1899, with an exhaustive, explanatory and critical commentary on sections and articles: the Indian stamp rules, 1925, central notifications, all state stamp acts, and Assam, Bombay, Bihar, Kerala, Madras, Mysore, Pubjab, Madhya Pradesh, Orissa, Rajasthan, Uttar Pradesh, West Bengal, Andhra Pradesh, Himachal Pradesh, Andaman and Nicobar Islands, Delhi, Laccadive, Amindivi and Minicoy Islands, Jammu and Kashmir schedules /cAtul Chandra Patra a2nd ed. aLucknow :bEastern Book Co.,c1963 aix, 1150 p. ;c25 cm. aIncludes index 0aStamp dutieszIndia.